000
00341nam a2200157Ia 4500
100
_a
MCGINNIS/ALAN JOY.
650
_a
Philosophy
942
_c
BK
654
_a
FRIENDSHIP
245
_a
FRIENDSHIP FACTOR
260
_b
Better Yourself Books
_a
Bandra
_c
1979
082
_a
170/MCG
_b
MCG
300
_a
272
546
_a
ENGLISH
999
_c
30086
_d
30086